Estadísticas para Capitales de Equipos de la Copa Mundial de 2014

Haz click aquí para intentar la prueba.

Estadísticas generales

  • Esta prueba ha sido intentada 2.055 veces
  • La puntuación promedio es 22 de 32

Estadísticas de respuestas

PaísCapital% Correcto
EspañaMadrid
96%
BrasilBrasilia
95%
ArgentinaBuenos Aires
94%
AlemaniaBerlín
93%
FranciaParís
91%
InglaterraLondres
88%
ItaliaRoma
88%
ChileSantiago
85%
MéxicoCiudad de México
84%
Países BajosÁmsterdam
83%
ColombiaBogotá
83%
PortugalLisboa
82%
UruguayMontevideo
82%
JapómTokio
81%
Estados UnidosWashington D.C.
80%
RusiaMoscú
77%
BélgicaBruselas
74%
AustraliaCanberra
73%
Corea del SurSeúl
71%
CroaciaZagreb
67%
GreciaAtenas
66%
SuizaBerna
62%
EcuadorQuito
60%
Costa RicaSan José
59%
IránTeherán
51%
ArgeliaArgel
47%
Bosnia y HerzegovinaSarajevo
44%
NigeriaAbuya
43%
HondurasTegucigalpa
40%
CamerúnYaundé
36%
GhanaAcra
33%
Costa de MarfilYamusukro
24%

Distribución de puntuación

Porcentaje por número respondido

Porcentaje de gente con cada puntuación

Historial de tus puntuaciones

No has intentado esta prueba.